Music Quiz

Random Music or Song Quiz
Score 0/7 Timer 10:00
0 Plays Today
Hint Answer % Correct
A grunge anthem about teenage freedom.Smells Like Teen Spirit
88.4%
A classic rock song split into many sections, made of many elements, telling a story as the song progresses.Bohemian Rhapsody
51.2%
A colourful alternative song about the dreams of a girl.Paradise
7%
A classic rock song which the artists worked all day and night to complete.A Hard Day's Night
7%
An alternative rock song about someone picking themselves back up again after an accident.Airbag
2.3%
An indie song with a man talking about his date.Do I Wanna Know?
2.3%
A rock song with many slogans as lyrics.Zooropa
0%
Come Together.
Have Fun.
All Virtual.
We all need to come together. Play Sporcle's virtual live trivia to have fun, connect with people, and get your trivia on. Join a live hosted trivia game for your favorite pub trivia experience done virtually. If a virtual private party is more your thing, go here for details.

You're not logged in!

Compare scores with friends on all Sporcle quizzes.
OR
Log In

Sporcle TV

Today on Sporcle TV


Watch our educational content, quiz creation guides, and fun videos on Sporcle TV.

Show Comments

Extras

Top Quizzes Today


Score Distribution

Paid Content

Your Account Isn't Verified!

In order to create a playlist on Sporcle, you need to verify the email address you used during registration. Go to your Sporcle Settings to finish the process.

Report this User

Report this user for behavior that violates our Community Guidelines.

Details: